Czech Republic facts and figures

में बचाया:
ग्रंथसूची विवरण
स्वरूप: पुस्तक
भाषा:Undetermined
प्रकाशित: Praha, Czech Republic Pardubice 1996
विषय:
टैग : टैग जोड़ें
कोई टैग नहीं, इस रिकॉर्ड को टैग करने वाले पहले व्यक्ति बनें!
Thư viện lưu trữ: Trung tâm Học liệu Trường Đại học Cần Thơ
LEADER 00470nam a2200157Ia 4500
001 CTU_36100
008 210402s9999 xx 000 0 und d
082 |a 943.71 
082 |b C998f 
245 0 |a Czech Republic facts and figures 
260 |a Praha, Czech Republic 
260 |b Pardubice 
260 |c 1996 
650 |a czech republic - description and travel 
904 |i Nguyễn Quang Điền, 010704 
980 |a Trung tâm Học liệu Trường Đại học Cần Thơ